Carretera y manta / (Record no. 101551)

MARC details
000 -LEADER
campo de control de longitud fija 00522nam a2200193 i 4500
001 - NÚMERO DE CONTROL
campo de control 101551
003 - IDENTIFICADOR DE NÚMERO DE CONTROL
campo de control ES-MaACL
005 - FECHA Y HORA DE LA ÚLTIMA TRANSACCIÓN
campo de control 20230906182930.0
007 - CAMPO FIJO DE DESCRIPCIÓN FÍSICA--INFORMACIÓN GENERAL
campo de control de longitud fija t|
008 - DATOS DE LONGITUD FIJA--INFORMACIÓN GENERAL
campo de control de longitud fija 051020s1972 sp ||||1| spa d
100 1# - ENTRADA PRINCIPAL--NOMBRE DE PERSONA
Nombre de persona Medina, Tico.
9 (RLIN) 79716
245 10 - MENCIÓN DEL TÍTULO
Título Carretera y manta /
Mención de responsabilidad, etc. Tico Medina.
260 ## - PUBLICACIÓN, DISTRIBUCIÓN, ETC.
Lugar de publicación, distribución, etc. Madrid :
Nombre del editor, distribuidor, etc. Azur,
Fecha de publicación, distribución, etc. 1972.
300 ## - DESCRIPCIÓN FÍSICA
Extensión 623 p. ;
Dimensiones 23 cm.
490 1# - MENCIÓN DE SERIE
Mención de serie Paisaje y paisanaje ;
Designación de volumen o secuencia 2
830 0# - PUNTO DE ACCESO ADICIONAL DE SERIE-TÍTULO UNIFORME
Título uniforme Paisaje y paisanaje ;
Designación de volumen o secuencia 2
9 (RLIN) 184610
852 ## - LOCALIZACIÓN
Ubicación ES-MaACL
Número de control de estantería C-51297
Sublocalización o colección R.85290
Holdings
Estatus retirado Estado de pérdida Estado de daño No para préstamo Biblioteca de origen Biblioteca actual Ubicación en estantería Fecha de adquisición Fuente de adquisición Total de préstamos Signatura topográfica completa Código de barras Visto por última vez Precio de reemplazo Tipo de ítem Koha
        Biblioteca del Ateneo de Madrid Biblioteca del Ateneo de Madrid Depósito 2 17/01/2008     C-51297 1106018 23/02/2023 23/02/2023 Libro impreso